Qayamat aur Hyatt Badul Moot (Record no. 187908)
[ view plain ]
| 000 -LEADER | |
|---|---|
| fixed length control field | 00398 a2200157 4500 |
| 003 - CONTROL NUMBER IDENTIFIER | |
| control field | Nust |
| 005 - DATE AND TIME OF LATEST TRANSACTION | |
| control field | 20170207153529.0 |
| 040 ## - CATALOGING SOURCE | |
| Transcribing agency | Nust |
| 082 ## - DEWEY DECIMAL CLASSIFICATION NUMBER | |
| Classification number | 297.211 |
| 100 ## - MAIN ENTRY--PERSONAL NAME | |
| Personal name | Mehmood, SUltan Bashir |
| 245 ## - TITLE STATEMENT | |
| Title | Qayamat aur Hyatt Badul Moot |
| Statement of responsibility, etc. | Eng Sultan Bashir Mehmood |
| 260 ## - PUBLICATION, DISTRIBUTION, ETC. | |
| Place of publication, distribution, etc. | Islamabad |
| Name of publisher, distributor, etc. | Al Quran Rsearch Foundation |
| 300 ## - PHYSICAL DESCRIPTION | |
| Extent | 495:p |
| 538 ## - SYSTEM DETAILS NOTE | |
| System details note | Almirah No.60 and Shelf No.2 |
| 650 ## - SUBJECT ADDED ENTRY--TOPICAL TERM | |
| Topical term or geographic name entry element | Aslam |
| 942 ## - ADDED ENTRY ELEMENTS (KOHA) | |
| Source of classification or shelving scheme | |
| Koha item type | Book |
| Withdrawn status | Lost status | Source of classification or shelving scheme | Damaged status | Not for loan | Permanent Location | Current Location | Date acquired | Total Checkouts | Full call number | Barcode | Checked out | Date last seen | Date last checked out | Price effective from | Koha item type |
|---|---|---|---|---|---|---|---|---|---|---|---|---|---|---|---|
| Military College of Signals (MCS) | Military College of Signals (MCS) | 12/12/2016 | 1 | 297.211 MAH | MCS31384 | 09/23/2025 | 09/08/2025 | 09/08/2025 | 12/12/2016 | Book |
